000 00697nam a22002417a 4500
003 UA-OsUOA
001 35840
007 ta
008 20051220b un ||||| |||| 00| 0 ukr d
100 _aБулатов М.
700 _aПорудоминский В.
090 _a821.161.1
_bБ90
942 _cBK
040 _aUA-OsUOA
_brus
_cUA-OsUOA
_dUA-OsUOA
245 _aСобирал человек слова
_bПовесть о Дале В. И.
300 _a222 с.
955 _a2
041 _arus
080 _a821.161.1
260 _aМ.
_bДетская литература
_c1969
650 7 _a82 Література. Літературознавство
_2UDC
999 _c322145
_d322145